000 00400 a2200145 4500
999 _c1423
_d1423
020 _a9788120341913
050 _aHC 79 MUT 2010
100 _aMuthukrishnan,Subhashini
_dauthor
245 _aEconomics of environment/
_cSubhashin Muthukrishnan
264 _aNew Delhi:
_bPHI Learning,
_c2010
300 _a214p.
_bill.
500 _aincludes index
650 _aEconomics
942 _2lcc
_cBK
_h79
_iMUT
_kHC